Cambrian Period Extinct Species - Statistics

General Stats
  • This quiz has been taken 25 times
  • The average score is 4 of 18
Answer Stats
Answer % Correct
Anomalocaris
83%
Hallucigenia
72%
Trilobite
72%
Opabinia
56%
Pikaia
33%
Wiwaxia
33%
Marrella
22%
Ottoia
17%
Isoxys
11%
Canadaspis
6%
Helicocystis
6%
Leanchoilia
6%
Tamiscolaris
6%
Aysheia
0%
Dinocaridia
0%
Peytoia
0%
Vetulicolia
0%
Waptia
0%
No matching quizzes found
Score Distribution
Percent of People with Each Score
Percentile by Number Answered
Your Score History
You have not taken this quiz